000 00731nam a2200217 a 4500
001 000012706
005 20250630104809.0
008 091116s1982 dr r 000 f spa d
020 _a84000184
040 _aDO-SdBNP
_bspa
_cBNPHU
082 _aRD863.44
_bP936m, 1982
100 1 _aPrestol Castillo, Freddy,
_d1914-1981
_922071
245 1 3 _aEl Masacre se pasa a pie /
_cFreddy Prestol Castillo.
250 _a6a ed.
260 _aSanto Domingo :
_bTaller,
_c1982.
300 _a153 p. ;
_c20 cm.
650 0 _aNovela histórica dominicana.
_9860
650 0 _aLiteratura dominicana.
_967
651 0 _aREPÚBLICA DOMINICANA
_xHISTORIA
_yERA DE TRUJILLO, 1930-1961
_xNOVELA
_921999
910 _aValidado. Control de calidad. MMOLINA
999 _c12357
_d12357